00838nam a2200181 a 450000100100000000500170001000800410002704000250006808200170009310000350011024501310014526000900027630000460036650000740041265000920048665000520057865000260063000002756520200930030928.0110401s2010 dr acg 001 0 spa d aDO-SdBNPbspacBNPHU a784.4bS211b1 aSánchez Dorrejo, Pedro Pablo10aBanda de música municipal de Santiago :bRepública Dominicana ¡un siglo de su historia! /cPedro Pablo Sánchez Dorrejo. a[Santiago de los Caballeros, República Dominicana] :bPedro P. Sánchez D.,c2010. a210 p. :bil., música, retrs. ;c23 cm. aEn la portada: Academia Municipal "Ramón Emilio Peralta 1905-2005". 4aBandas de músicaxHistoriazSantiago De Los Caballeros (República Dominicana{Rpara} 4aMúsica popular dominicanaxHistoriaySIGLO XX 4aMúsicos dominicanos